Statistics for 4 letter animal names

Click here to take the quiz!

General Stats

  • This quiz has been taken 128 times
  • The average score is 5 of 20

Answer Stats

hintAnswer% Correct
10goat
69%
20bear
65%
8fish
58%
14lion
57%
4duck
42%
15bull
27%
2calf
27%
12crab
27%
7hare
27%
6mole
23%
17lynx
21%
11hawk
17%
9orca
14%
3buck
13%
5dove
12%
1colt
10%
16kudu
7%
18anoa
5%
19asse
5%
13clam
5%

Score Distribution

Percentile by Number Answered

Percent of People with Each Score

Your Score History

You have not taken this quiz